Global industrial and office rents survey (Record no. 108703)

MARC details
000 -LEADER
fixed length control field 01378cad a22002295a 4500
001 - CONTROL NUMBER
control field L145163
008 - FIXED-LENGTH DATA ELEMENTS--GENERAL INFORMATION
fixed length control field 080225s2007 xxkad f s 000 0 eng d
035 ## - SYSTEM CONTROL NUMBER
System control number (Sirsi) u145163
041 0# - LANGUAGE CODE
Language code of text/sound track or separate title eng
050 04 - LIBRARY OF CONGRESS CALL NUMBER
Classification number 333.32 $2 18
110 2# - MAIN ENTRY--CORPORATE NAME
Corporate name or jurisdiction name as entry element King Sturge
9 (RLIN) 3877
245 00 - TITLE STATEMENT
Title Global industrial and office rents survey
Remainder of title quarter two 2008
Medium [electronic resource]
260 ## - PUBLICATION, DISTRIBUTION, ETC.
Place of publication, distribution, etc. London
Name of publisher, distributor, etc. King Sturge
Date of publication, distribution, etc. 2008
490 #0 - SERIES STATEMENT
Series statement Global Industrial and Office Rents Survey
Volume/sequential designation Quarter Two2008
520 ## - SUMMARY, ETC.
Summary, etc. Reports that several office and industrial property markets saw a slow down in leasing transactions in the first half of 2008, as a result of the credit crunch, a weakening international economy and lack of positive occupier sentiment. Finds that growth in global industrial occupation costs was very small, rising only by 1%. The Asia Pacific region did better with growth at 4.7%, followed by Europe where growth was 1.5%. However, North America fell by 2.1%. Concludes that global occupation costs increased by 3.2% on average per city, with Asia Pacific and Europe showing stronger growth rates.
590 ## - LOCAL NOTE (RLIN)
Local note KA NTK
650 24 - SUBJECT ADDED ENTRY--TOPICAL TERM
Topical term or geographic name entry element GLOBAL INDUSTRIAL AND OFFICE RENTS SURVEY
651 #4 - SUBJECT ADDED ENTRY--GEOGRAPHIC NAME
Geographic name International
690 ## - LOCAL SUBJECT ADDED ENTRY--TOPICAL TERM (OCLC, RLIN)
Topical term or geographic name as entry element PROPERTY-COMMERCIAL PROPERTY-COMMERCIAL PROPERTY MARKET
856 40 - ELECTRONIC LOCATION AND ACCESS
Uniform Resource Identifier <a href="https://www.kingsturge.com/">https://www.kingsturge.com/</a>
Public note View the document free of charge at www.kingsturge.com
942 ## - ADDED ENTRY ELEMENTS (KOHA)
Suppress in OPAC 0
Holdings
Withdrawn status Lost status Source of classification or shelving scheme Damaged status Not for loan Home library Current library Shelving location Date acquired Total Checkouts Full call number Barcode Date last seen Copy number Price effective from Koha item type
    Dewey Decimal Classification     Virtual Virtual Online 11/09/2008   ONLINE PUBLICATION 145163-2001 06/08/2019 1 06/08/2019 Book